000 00380pab a2200169 454500
008 180718b1997 xxu||||| |||| 00| 0 eng d
100 _aChandra, Pitam
245 _aProtected cultivation practices
260 _c1997
300 _ap.15-18
362 _aSep
650 _aCultivation
650 _aAgriculture
700 _aDatta, P.P.
773 _aYojana
909 _a35432
999 _c35432
_d35432